[Event "Wch U12"]
[White "Sobirov, Feruzbek"]
[Black "Zhan, Jayden Zihan"]
[Site "Montesilvano"]
[Round "6"]
[Result "1/2-1/2"]
[Date "2024.11.20"]
[WhiteElo "1487"]
[BlackElo "1670"]
[PlyCount "69"]
[EventDate "2024.11.15"]
[EventType "swiss"]
[EventRounds "11"]
[EventCountry "ITA"]
[SourceTitle "CB48_2024"]
[SourceDate "2024.11.28"]
[SourceVersion "1"]
[SourceVersionDate "2024.11.28"]
[SourceQuality "1"]

1. d4 Nf6 2. Nc3 d5 3. Bf4 Bf5 4. f3 e6 5. g4 Bg6 6. h4 h5 7. g5 Ng8 8. e3 Bd6 9. Nh3 Ne7 10. Bd3 Bxd3 11. Qxd3 Nbc6 12. Bxd6 Qxd6 13. Nf4 Nf5 14. 0-0-0 g6 15. Nb5 Qd7 16. e4 dxe4 17. fxe4 Nd6 18. Nxd6+ Qxd6 19. e5 Qb4 20. a3 Qa4 21. Nxe6 fxe6 22. Qxg6+ Kd7 23. Qg7+ Ne7 24. d5 Qf4+ 25. Kb1 Rag8 26. dxe6+ Kxe6 27. Qf6+ Qxf6 28. exf6 Nf5 29. Rhe1+ Kf7 30. Rd7+ Kg6 31. Re6 Rf8 32. f7+ Kg7 33. Rf6 Nxh4 34. Re7 Ng6 35. Ree6 1/2-1/2